Personnel management for effective schools

Αποθηκεύτηκε σε:
Λεπτομέρειες βιβλιογραφικής εγγραφής
Κύριος συγγραφέας: Seyfarth, John T.
Μορφή: Βιβλίο
Γλώσσα:English
Δημοσίευση: Boston : Allyn and Bacon, 1996
Έκδοση:2nd ed.
Θέματα:
Ετικέτες: Προσθήκη ετικέτας
Δεν υπάρχουν, Καταχωρήστε ετικέτα πρώτοι!

MARC

LEADER 00000nam a2200000 i 4500
001 1/94139
008 991125s1996 eng d
020 |a 0-205-16613-X 
035 |l 10054686 
040 |a GR-MY-UA  |b gre  |e aacr 
041 0 |a eng 
082 0 |a 371.2010973 
100 1 |a Seyfarth, John T. 
245 1 0 |a Personnel management for effective schools /  |c John T. Seyfarth 
250 |a 2nd ed. 
260 |a Boston :   |b Allyn and Bacon,   |c 1996 
300 |a 326 p. 
650 0 0 |a School personnel manegement  |z United States. 
650 0 0 |a School mamagement and organization  |z United States. 
852 |a INST  |b RHODES  |e 19991125  |h 371.2010973 SEY  |p 005400012504  |q 005400012504  |t BK  |y 0 
901 |a BIBL4-1999-3 
909 |a Ρ  |b 069217 
922 |a 4ΕΛΗ  |b 199909  |c ΚΠΣ/154  |d GLORY BOOKS 
970 |a ΚΟΥΛΑΚΙΟΤΗ  |b ΛΙΤΣΑ  |z 1999/11/25